NBA 2018-2019 ("Facile") - Statistiques

Statistiques générales
  • Ce quiz a été pris 1 071 fois
    1 070 depuis la dernière actualisation
  • Le résultat moyen est 67 sur 100
Statistiques - réponses
Hint Réponse % Correct
1 | Contres Par Match | Division Pacifique | +3 others Warriors / Golden State
97%
2 | Champion | Division Atlantique | Poucentage aux Lancers Francs Raptors / Toronto
94%
1 | Contres Par Match | Division Central | +5 others Bucks / Milwaukee
91%
Ballons Perdu Par Match (4.6) Russel/ Westbrook / James Harden
89%
Poucentage aux Lancers Francs (94.3%) Stephen Curry
89%
4 Celtics / Boston
88%
Ballons Perdu Par Match (5.0) | Points Par Match (36.1) James Harden
86%
4 | Division Sud-Ouest Rockets / Houston
86%
8 | Points par Match Clippers / Los Angeles
84%
2 | Division Nord-Ouest Nuggets / Denver
81%
Passes Par Match (10.6) | Passes Par Match (10.7) | Triple-Doubles (34) Russel Westbrook
81%
MVP Finales Kawhi Leonard
80%
7 | Poucentage aux Lancers Francs | Pourcentage à 3 Points Spurs / San Antonio
79%
6 Nets / Brooklyn
78%
Contres Par Match (2.6) | Joueur Defensifs | Pourcentage de Réussite (66.9%) Rudy Gobert
78%
3 | Ballons Perdu Par Match 76ers / Philadelphie
77%
6 | Interceptions Par Match Thunder / Oklahoma City
77%
7 | Division Sud-Est Magic / Orlando
76%
MVP Giánnis Antetokoúnmpo
74%
3 (Hawks) | Rookie Luka Dončić
74%
5 | Interceptions Par Match Jazz / Utah
73%
Rebonds Par Match (13.0) Nikola Jokić / André Drummond
72%
Points Par Match (32.3) Kevin Durant
69%
5 Pacer / Indiana
69%
8 Pistons / Detroit
67%
Trae Young
66%
Ballons Perdu Par Match Hawks / Atlanta
65%
Interceptions Par Match (2.8) Thaddeus Young
63%
Nikola Jokić
60%
DeAndre Ayton
58%
3 Tail Blazers / Portland
56%
Minutes Jouées Par Match (36.9) Bradley Beal / Paul George
49%
6ème Homme Lou Williams
48%
Double-Doubles (69) | Rebonds Par Match (15.6) Andre Drummond
47%
Double-Doubles (14) | Triple-Doubles (6) Draymond Green
44%
Jaren Jackson Jr
44%
Interceptions Par Match (2.2) | Minutes Jouées Par Match (40.8) Paul George
44%
MIP Pascal Siakam
40%
Marvin Bagley
38%
8 (Cavaliers) Collin Sexton
30%
Marcus Smart
25%
Coach de l'Année Mike Budenholzer
25%
6 (Magic) Mohamed Bamba
24%
Contres Par Match (2.7) Myles Turner
24%
Pourcentage à 3 Points (47.9%) Joe Harris
18%
9 (Knicks) Kevin Knox
17%
7 (Bulls) Wendell Carter Jr.
16%
10 (76ers) Mikal Bridges
12%
Poucentage aux Lancers Francs (92.8%) Malcom Brogdon
9%
Pourcentage de Réussite (73.0%) Montrezl Harrell
8%
Eric Bledsoe
6%
Pourcentage à 3 Points (60.0%) Luke Kennard
5%
Aucun quiz correspondant
Distribution des résultats
% des personnes avec chaque résultat
Percentile par nombre de réponses
Votre historique - résultats
Vous n’avez pas pris ce quiz depuis la dernière actualisation